| 000 | 00751nam a2200253Ia 4500 | ||
|---|---|---|---|
| 003 | OSt | ||
| 005 | 20220925230630.0 | ||
| 006 | a|||||r|||| 00| 0 | ||
| 007 | ta | ||
| 008 | 220923b |||||||| |||| 00| 0 eng d | ||
| 020 | _a185649439X | ||
| 037 | _cGeneral Book | ||
| 040 |
_aRTL _cRTL _beng |
||
| 041 |
_2eng _aeng |
||
| 082 | _aX.1.P3, N6 | ||
| 100 |
_aWallerstein Immanuel _922359 |
||
| 245 | 0 |
_aAge of transition _b Trajectory of the world-system, 1945-2025 |
|
| 260 |
_aLondon _bZed Books _c1996 |
||
| 300 |
_aix, 278p Bibliography: P 244-71 _ccm. |
||
| 650 | _aEconomics | ||
| 700 | _a Hopkins Terence K | ||
| 942 |
_hX.1.P3, N6 _cGB _2CC |
||
| 999 |
_c586172 _d586172 |
||